000 00730nam a2200253Ia 4500
003 OSt
005 20220918163441.0
006 a|||||r|||| 00| 0
007 ta
008 220917b |||||||| |||| 00| 0 eng d
020 _a0002557711
024 _a2,162
037 _cTextual
040 _aARTS
_cARTS
_beng
041 _2eng
_aeng
082 _aV2:51.N47, N7
100 _aFrench Patrick
_913230
245 0 _aLiberty or death
_b India's journey to independence and division
260 _aLondon
_bHarper-Collins Gt. Brit.
_c1997
300 _a466 p.
_ccm.
650 _aINDIA - HISTORY - FREEDOM STRUGGLE; HISTORY
942 _hV2:51.N47, N7
_cTEXL
_2CC
999 _c119680
_d119680